| 000 | 00445nam a2200133Ia 4500 | ||
|---|---|---|---|
| 005 | 20260328101528.0 | ||
| 008 | 260328s9999||||xx |||||||||||||| ||und|| | ||
| 100 | _aLópez de Asiaín, Jaime | ||
| 245 | 0 |
_aVivienda Social Bioclimática : _b un Nuevo Barrio en Osuna y 38 Viviendas en Arboleas / _cJaime López de Asiaín |
|
| 260 | _bEscuela Técnica Superior de Arquitectura de Sevilla | ||
| 300 | _a114 p. | ||
| 650 | _aARQUITECTURA | ||
| 942 | _cBK | ||
| 999 |
_c9857 _d9857 |
||